000 00894nab a2200265 u 4500
001 15631
003 HDC
007 cr bn ---aaaaa
008 210218c20150623my dr|nes 0 a may d
040 _aHDC
100 _aHafiz Ithnin
_eauthor
_97623
245 0 _aTiada Gangguan / oleh
_cHafiz Ithnin
246 _aHDC Unjur Eksport Halal Pada Suku Kedua Meningkat
260 _aKuala Lumpur :
_bThe New Straits Times Press (M) Bhd.,
_c2015
336 _atext
_2rdacontent
337 _acomputer
_2rdamedia
338 _aonline resource
_2rdacarrier
650 _aHalal exports
_98237
650 _aHalal global market
_91145
710 _aHarian Metro
856 _zRequest full-text at [email protected]
942 _2lcc
942 _cNEWS
942 _kNWSC 005840
999 _c12947
_d12947